The chapel at Ronchamp
Guardat en:
| Autor principal: | |
|---|---|
| Format: | Llibre |
| Idioma: | anglès |
| Publicat: |
Nueva York
Frederick A. Praeger
1957
|
| Matèries: | |
| Etiquetes: |
Afegir etiqueta
Sense etiquetes, Sigues el primer a etiquetar aquest registre!
|
MARC
| LEADER | 00000nam a2200000 a 4500 | ||
|---|---|---|---|
| 001 | UCY4100 | ||
| 003 | CL-VaPUC | ||
| 008 | 950228e19570000US |||||||||||||||||eng|d | ||
| 082 | 0 | 4 | |a 726.4 |b LEC |2 21 |
| 100 | |a Le Corbusier |e author |9 265037 | ||
| 245 | 1 | 4 | |a The chapel at Ronchamp |
| 300 | |a 135 p | ||
| 942 | |c BK | ||
| 945 | |d 19950228 00:00:00 |a mfernand | ||
| 260 | |a Nueva York |b Frederick A. Praeger |c 1957 | ||
| 650 | 0 | |a Capillas |9 329555 | |
| 650 | 0 | |a Arquitectura religiosa |9 266677 | |
| 651 | 0 | |a Francia |9 255157 | |
| 583 | |a last modification |c 19950228 00:00:00 |k Rodrigo Vera | ||
| 999 | |c 232066 |d 232064 | ||
| 952 | |0 0 |1 0 |4 0 |6 726_400000000000000_LEC_1957 |7 0 |8 A |9 236081 |a BIBARQ |b BIBARQ |d 2019-11-15 |i 3059545 |l 3 |m 2 |o 726.4 LEC 1957 |p 3059545 |r 2025-01-20 |s 2024-09-30 |w 2019-11-15 |y BK |k ARQ | ||